|
|
|
|
| LEADER |
00000nab a2200000 ar4500 |
| 001 |
vtls011719140 |
| 003 |
SK-MaSNL |
| 005 |
20260318124817.0 |
| 008 |
171106c20110716xo dr|p|||||||000 b|hun |
| 038 |
|
|
|a AGK
|
| 040 |
|
|
|a AGK
|b slo
|c AGK
|e AACR2
|
| 041 |
0 |
|
|a hun
|
| 044 |
|
|
|a xo
|c SK
|
| 080 |
|
|
|a 811.511.141(437.612)
|2 2011
|
| 080 |
|
|
|a 811.511.141(437.612)
|2 2001
|
| 100 |
1 |
|
|a Juhos, Melinda B.
|4 aut
|9 1096458
|
| 245 |
1 |
0 |
|a Matricázás Szencen és Galántán
|c B. Juhos Melinda
|
| 300 |
|
|
|b Fotogr.
|
| 610 |
2 |
7 |
|a Hnutie za dvojjazyčné južné Slovensko (hnutie : Slovensko)
|2 agk
|9 1294019
|
| 648 |
|
7 |
|a 2011
|2 agk
|9 328311
|
| 650 |
0 |
7 |
|a nálepky
|2 agk
|9 556428
|
| 650 |
0 |
7 |
|a maďarčina
|2 agk
|9 1492
|
| 650 |
0 |
7 |
|a dvojjazyčné nápisy
|2 agk
|9 1094163
|
| 650 |
0 |
7 |
|a prilepovanie nálepiek
|2 agk
|9 1294020
|
| 651 |
|
7 |
|a Senec (Slovensko)
|2 agk
|9 175132
|
| 651 |
|
7 |
|a Galanta (Slovensko)
|2 agk
|9 15687
|
| 773 |
0 |
|
|t Új Szó
|g Évf. 64, sz. 164 (2011.7.16), o. 2
|x 1335-7050
|
| 852 |
|
|
|a AGK
|b KIS3GCP
|
| 856 |
4 |
1 |
|a www.ujszo.com
|
| 958 |
|
|
|a SK
|
| 999 |
|
|
|c 2575124
|d 2577054
|